Normal view
MARC view
- Anwar, Muhammad,
Entry Personal Name
001 - CONTROL NUMBER
- control field: 55342
003 - CONTROL NUMBER IDENTIFIER
- control field: NUST
005 - DATE AND TIME OF LATEST TRANSACTION
- control field: 20210613155933.0
008 - FIXED-LENGTH DATA ELEMENTS
- fixed length control field: 210613|| aca||aabn | a|a d
040 ## - CATALOGING SOURCE
- Original cataloging agency: NUST
- Transcribing agency: NUST
100 ## - HEADING--PERSONAL NAME
- Personal name: Anwar, Muhammad,
- Titles and other words associated with a name: khokhar
670 ## - SOURCE DATA FOUND
- Source citation: Work cat.: (NUST)0: Anwar, Muhammad, khokhar., The all-Pakistan legal decisions (PLD)1986, 1986
